[Event "Arco op 45th"]
[Site "Arco"]
[Date "2023.10.09"]
[Round "3"]
[White "Cortese, Lina"]
[Black "De Reymaeker, Walter"]
[Result "1/2-1/2"]
[WhiteElo "1545"]
[BlackElo "1788"]
[PlyCount "89"]
[EventDate "2023.10.07"]
[EventType "swiss"]
[EventRounds "9"]
[EventCountry "ITA"]
[SourceTitle "Mega2024 Update 01"]
[Source "Chessbase"]
[SourceDate "2023.11.12"]
[SourceVersion "1"]
[SourceVersionDate "2023.11.12"]
[SourceQuality "1"]

1. c4 Nf6 2. Nc3 g6 3. g3 Bg7 4. Bg2 0-0 5. Nf3 c5 6. 0-0 Nc6 7. d3 d6 8. Rb1 Bd7 9. a3 a5 10. b3 Nd4 11. Nxd4 cxd4 12. Nb5 Qb6 13. a4 Bxb5 14. cxb5 Rac8 15. Bd2 Nd7 16. Qe1 Ra8 17. Rb2 Nc5 18. Bxa5 Rxa5 19. b4 Rxa4 20. bxc5 dxc5 21. Qd2 e6 22. Qc2 Rfa8 23. Rfb1 h5 24. Rc1 Bf8 25. Qd2 Kh7 26. Qf4 Kg8 27. Qe4 Ra1 28. Rbb1 Rxb1 29. Rxb1 Rb8 30. h4 Qd6 31. b6 Be7 32. Qf4 Qd8 33. Qc7 Bd6 34. Qxd8+ Rxd8 35. Bxb7 Rb8 36. Bf3 Kf8 37. b7 Ke7 38. Ra1 f5 39. Ra8 Kd7 40. Ra6 Kc7 41. Rc6+ Kd7 42. Ra6 Kc7 43. Rc6+ Kd7 44. Ra6 e5 45. Bg2 1/2-1/2

[Event "Arco op 45th"]
[Site "Arco"]
[Date "2023.10.08"]
[Round "2"]
[White "De Reymaeker, Walter"]
[Black "Foldes, Marton Gabor"]
[Result "0-1"]
[WhiteElo "1788"]
[BlackElo "2129"]
[PlyCount "76"]
[EventDate "2023.10.07"]
[EventType "swiss"]
[EventRounds "9"]
[EventCountry "ITA"]
[SourceTitle "Mega2024 Update 01"]
[Source "Chessbase"]
[SourceDate "2023.11.12"]
[SourceVersion "1"]
[SourceVersionDate "2023.11.12"]
[SourceQuality "1"]

1. c4 Nf6 2. g3 c5 3. Bg2 d5 4. cxd5 Nxd5 5. Nc3 Nc7 6. d3 e5 7. Nf3 Nc6 8. 0-0 Be7 9. b3 0-0 10. Bb2 Be6 11. Rc1 f6 12. Nd2 Nd5 13. Nxd5 Bxd5 14. Bxd5+ Qxd5 15. Qc2 b5 16. Ne4 Nb4 17. Qb1 f5 18. Nc3 Qd7 19. Nd1 Bd6 20. a3 Nd5 21. e4 Nf6 22. Ne3 f4 23. Nf5 f3 24. d4 cxd4 25. Qd3 Nxe4 26. Qxe4 Qxf5 27. Qxf5 Rxf5 28. Rc6 Rd8 29. Rd1 Kf7 30. b4 Ke6 31. Ra6 Rf7 32. a4 bxa4 33. b5 Rb7 34. Ba3 Kd5 35. Bxd6 Rxd6 36. Rxa4 Rxb5 37. Rxa7 Rdb6 38. Raa1 e4 0-1

[Event "Arco op 44th"]
[Site "Arco"]
[Date "2022.10.13"]
[Round "6"]
[White "De Reymaeker, Walter"]
[Black "Cremonini, Stefano"]
[Result "1-0"]
[WhiteElo "1781"]
[BlackElo "1585"]
[PlyCount "64"]
[EventDate "2022.10.08"]
[EventType "swiss"]
[EventRounds "9"]
[EventCountry "ITA"]
[SourceTitle "CBM 210 Extra"]
[Source "ChessBase"]
[SourceDate "2022.11.30"]
[SourceVersion "1"]
[SourceVersionDate "2022.11.30"]
[SourceQuality "1"]

1. c4 c6 2. g3 d5 3. Bg2 e5 4. b3 Nf6 5. Bb2 Bd6 6. d3 0-0 7. Nd2 Re8 8. e4 Bg4 9. Ne2 Na6 10. f3 Nb4 11. Nc1 Bh5 12. a3 Na6 13. b4 dxe4 14. Nxe4 Nxe4 15. dxe4 Nc7 16. Ne2 Ne6 17. 0-0 Qe7 18. c5 Bc7 19. Qb3 a5 20. Rfd1 b6 21. cxb6 Bxb6+ 22. Kh1 f6 23. Bc3 Bf7 24. Qb2 a4 25. f4 exf4 26. gxf4 Be3 27. e5 Nxf4 28. Nxf4 Bxf4 29. exf6 Qc7 30. Bf3 Re3 31. Qg2 Bb3 32. Bxc6 Rd8 1-0

[Event "Arco op 44th"]
[Site "Arco"]
[Date "2022.10.08"]
[Round "1"]
[White "De Reymaeker, Walter"]
[Black "Kostov, Deyan Samuil"]
[Result "0-1"]
[WhiteElo "1781"]
[BlackElo "2260"]
[PlyCount "72"]
[EventDate "2022.10.08"]
[EventType "swiss"]
[EventRounds "9"]
[EventCountry "ITA"]
[SourceTitle "CBM 210 Extra"]
[Source "ChessBase"]
[SourceDate "2022.11.30"]
[SourceVersion "1"]
[SourceVersionDate "2022.11.30"]
[SourceQuality "1"]

1. c4 e5 2. g3 Nf6 3. Bg2 d5 4. cxd5 Nxd5 5. Nc3 Nb6 6. Nf3 Nc6 7. 0-0 Be7 8. a3 Be6 9. b4 f6 10. Rb1 0-0 11. d3 a5 12. b5 Nd4 13. Nxd4 exd4 14. Na4 Bd5 15. Nxb6 cxb6 16. Bxd5+ Qxd5 17. e4 dxe3 18. Bxe3 Bxa3 19. Qb3 Qxb3 20. Rxb3 Bc5 21. d4 Bd6 22. Rc1 a4 23. Rbb1 a3 24. Rc2 Rfc8 25. Ra2 Rc4 26. Rb3 Rac8 27. Rd3 Rb4 28. Kg2 Rxb5 29. Bf4 Bf8 30. h4 Rd5 31. Kf3 b5 32. Ke4 Rcd8 33. Bc7 R8d7 34. Bb6 b4 35. Rc2 Rb5 36. Bc5 Bxc5 0-1

[Event "Arco op 43rd"]
[Site "Arco"]
[Date "2021.10.15"]
[Round "7"]
[White "De Reymaeker, Walter"]
[Black "Voelker, Sebastian"]
[Result "1/2-1/2"]
[WhiteElo "1821"]
[BlackElo "2062"]
[PlyCount "77"]
[EventDate "2021.10.09"]
[EventType "swiss"]
[EventRounds "9"]
[EventCountry "ITA"]
[SourceTitle "CBM 204 Extra"]
[Source "ChessBase"]
[SourceDate "2021.11.30"]
[SourceVersion "1"]
[SourceVersionDate "2021.11.30"]
[SourceQuality "1"]

1. c4 e5 2. g3 Nf6 3. Bg2 c6 4. d4 e4 5. Nc3 d5 6. cxd5 cxd5 7. Bg5 Bb4 8. e3 Qa5 9. Bxf6 gxf6 10. Qb3 Bd7 11. a3 Na6 12. Nge2 Bxc3+ 13. Nxc3 Bc6 14. 0-0 0-0-0 15. f3 exf3 16. Bxf3 Rhe8 17. Rae1 Rd6 18. Qc2 Kb8 19. Qxh7 Nc7 20. Qd3 Ne6 21. b4 Qxa3 22. b5 Bd7 23. Ra1 Qb3 24. Rab1 Qc4 25. Qxc4 dxc4 26. Ne4 Rb6 27. Nxf6 Rd8 28. Nxd7+ Rxd7 29. Bg4 Re7 30. Bxe6 Rbxe6 31. Rbc1 Rxe3 32. Rxc4 Rd3 33. Kg2 b6 34. h4 Ree3 35. Rxf7 Rxg3+ 36. Kf2 Rh3 37. Rf8+ Kb7 38. Rf7+ Kb8 39. Rf8+ 1/2-1/2

[Event "Arco op 43rd"]
[Site "Arco"]
[Date "2021.10.14"]
[Round "6"]
[White "Cardilli, Mariano"]
[Black "De Reymaeker, Walter"]
[Result "1/2-1/2"]
[WhiteElo "2062"]
[BlackElo "1821"]
[PlyCount "85"]
[EventDate "2021.10.09"]
[EventType "swiss"]
[EventRounds "9"]
[EventCountry "ITA"]
[SourceTitle "CBM 204 Extra"]
[Source "ChessBase"]
[SourceDate "2021.11.30"]
[SourceVersion "1"]
[SourceVersionDate "2021.11.30"]
[SourceQuality "1"]

1. d4 Nf6 2. c4 c5 3. d5 b5 4. cxb5 a6 5. bxa6 g6 6. Nc3 Bg7 7. e4 0-0 8. Nf3 Qa5 9. Bd2 Bxa6 10. Be2 d6 11. 0-0 Bxe2 12. Qxe2 Qa6 13. Qd1 Nbd7 14. Re1 Ng4 15. Bg5 Rfe8 16. Bf4 Rab8 17. Qc2 Nge5 18. Bxe5 Nxe5 19. Nxe5 Bxe5 20. Rab1 Qc4 21. Rec1 Ra8 22. a3 Reb8 23. g3 Rb3 24. Kg2 Bxc3 25. bxc3 Rbxa3 26. Rb2 Ra2 27. Rcb1 Rxb2 28. Rxb2 Ra3 29. Kh3 Qxc3 30. Qxc3 Rxc3 31. Rb7 Kf8 32. Kg2 Rd3 33. h4 h5 34. Rc7 f6 35. Rc8+ Kf7 36. Rc7 f5 37. exf5 Rxd5 38. fxg6+ Kxg6 39. Kf3 Re5 40. Kf4 Kf6 41. Rc8 Ke6 42. f3 c4 43. Rxc4 1/2-1/2

[Event "Arco op 43rd"]
[Site "Arco"]
[Date "2021.10.13"]
[Round "5"]
[White "De Reymaeker, Walter"]
[Black "Bordignon, Angelo"]
[Result "0-1"]
[WhiteElo "1821"]
[BlackElo "2050"]
[PlyCount "55"]
[EventDate "2021.10.09"]
[EventType "swiss"]
[EventRounds "9"]
[EventCountry "ITA"]
[SourceTitle "CBM 204 Extra"]
[Source "ChessBase"]
[SourceDate "2021.11.30"]
[SourceVersion "1"]
[SourceVersionDate "2021.11.30"]
[SourceQuality "1"]

1. c4 e5 2. g3 Nc6 3. Nc3 a6 4. Bg2 Bc5 5. e3 d6 6. Nge2 Bd7 7. 0-0 h5 8. h4 g5 9. hxg5 h4 10. Ne4 f5 11. gxf6 Nxf6 12. N2c3 Be6 13. d3 Ng4 14. Bf3 hxg3 15. fxg3 Nxe3 16. Bh5+ Kd7 17. Bxe3 Bxe3+ 18. Kg2 Kc8 19. Bg4 Qd7 20. Nf6 Bxg4 21. Qxg4 Qxg4 22. Nxg4 Bd4 23. Nf6 Nb4 24. Nfd5 Nxd3 25. Rf7 c6 26. Raf1 cxd5 27. Nxd5 Kb8 28. Nc7 0-1

[Event "Arco op 42nd"]
[Site "Arco"]
[Date "2020.10.14"]
[Round "5.22"]
[White "Perez Bolanos, David"]
[Black "De Reymaeker, Walter"]
[Result "1-0"]
[WhiteElo "2031"]
[BlackElo "1856"]
[PlyCount "51"]
[EventDate "2020.10.10"]
[EventType "swiss"]
[EventRounds "9"]
[EventCountry "ITA"]
[SourceTitle "CBM 198 Extra"]
[Source "ChessBase"]
[SourceDate "2020.11.30"]
[SourceVersion "1"]
[SourceVersionDate "2020.11.30"]
[SourceQuality "1"]

1. e4 c5 2. Nf3 d6 3. d4 cxd4 4. Nxd4 Nf6 5. Nc3 g6 6. Be3 Bg7 7. f3 Nc6 8. Qd2 Bd7 9. 0-0-0 h5 10. h3 h4 11. Qf2 Rc8 12. Nxc6 Rxc6 13. Bxa7 Rxc3 14. bxc3 Qa5 15. Bd4 Qxa2 16. Bd3 e5 17. Be3 d5 18. Kd2 Qa8 19. Bg5 Bc6 20. Qc5 Qd8 21. exd5 Bxd5 22. Bb5+ Bc6+ 23. Ke2 Qc7 24. Bxc6+ bxc6 25. Rd6 Nd5 26. Rd8+ 1-0

[Event "Arco op 42nd"]
[Site "Arco"]
[Date "2020.10.11"]
[Round "2.40"]
[White "De Reymaeker, Walter"]
[Black "Roversi, Stefano"]
[Result "1-0"]
[WhiteElo "1856"]
[BlackElo "1653"]
[PlyCount "78"]
[EventDate "2020.10.10"]
[EventType "swiss"]
[EventRounds "9"]
[EventCountry "ITA"]
[SourceTitle "CBM 198 Extra"]
[Source "ChessBase"]
[SourceDate "2020.11.30"]
[SourceVersion "1"]
[SourceVersionDate "2020.11.30"]
[SourceQuality "1"]

1. c4 Nf6 2. g3 g6 3. Bg2 Bg7 4. Nc3 c6 5. e4 d6 6. Nge2 Be6 7. d3 0-0 8. h3 Qc8 9. Be3 Rd8 10. Nf4 Bd7 11. g4 e5 12. Nfe2 Be6 13. 0-0 d5 14. cxd5 cxd5 15. exd5 Nxd5 16. Rc1 Nxe3 17. fxe3 Qd7 18. Ne4 Qxd3 19. Qxd3 Rxd3 20. Nc5 Rxe3 21. Nxe6 Nc6 22. Nc7 Rc8 23. Nc3 Rxc3 24. Rxc3 Rxc7 25. Bxc6 Rxc6 26. Rxc6 bxc6 27. Kg2 e4 28. Rc1 Bxb2 29. Rxc6 e3 30. Kf3 Bd4 31. g5 Kg7 32. Ke2 Bb6 33. h4 h6 34. Rd6 hxg5 35. hxg5 Kf8 36. Rd7 Ke8 37. Rd5 Ke7 38. a4 Bc7 39. Kxe3 Ke6 1-0

[Event "Arco op 40th"]
[Site "Arco"]
[Date "2018.10.16"]
[Round "4"]
[White "De Reymaeker, Walter"]
[Black "Panariello, Francesco"]
[Result "1-0"]
[WhiteElo "1880"]
[BlackElo "1707"]
[PlyCount "27"]
[EventDate "2018.10.13"]
[EventType "swiss"]
[EventRounds "9"]
[EventCountry "ITA"]
[SourceTitle "CBM 186 Extra"]
[Source "ChessBase"]
[SourceDate "2018.08.24"]
[SourceVersion "1"]
[SourceVersionDate "2018.08.24"]
[SourceQuality "1"]

1. c4 e6 2. g3 Nf6 3. Bg2 d5 4. Nf3 Be7 5. 0-0 0-0 6. b3 Nc6 7. d4 Ne4 8. Bb2 Bf6 9. e3 Rb8 10. Nbd2 Nxd2 11. Qxd2 Ne7 12. Rfe1 g6 13. e4 c6 14. Qf4 1-0

[Event "Arco op-A 39th"]
[Site "Arco"]
[Date "2017.10.14"]
[Round "8"]
[White "De Reymaeker, Walter"]
[Black "Leone, Cataldo"]
[Result "1-0"]
[WhiteElo "1867"]
[BlackElo "1589"]
[PlyCount "134"]
[EventDate "2017.10.07"]
[EventType "swiss"]
[EventRounds "9"]
[EventCountry "ITA"]
[SourceTitle "CBM 181 Extra"]
[Source "ChessBase"]
[SourceDate "2017.12.12"]
[SourceVersion "1"]
[SourceVersionDate "2017.12.12"]
[SourceQuality "1"]

1. c4 e5 2. g3 Nf6 3. Bg2 Nc6 4. Nc3 d6 5. d3 Be7 6. Nf3 0-0 7. 0-0 h6 8. a3 a5 9. Bd2 Be6 10. Rc1 Qd7 11. Nb5 Ne8 12. d4 exd4 13. Nbxd4 Bh3 14. Nxc6 bxc6 15. Bxh3 Qxh3 16. Nd4 Qd7 17. Qa4 Nf6 18. Qxc6 Rfe8 19. Qxd7 Nxd7 20. Bc3 a4 21. e3 Bf6 22. Nb5 Rec8 23. Bxf6 Nxf6 24. f3 Kf8 25. Rf2 Ke7 26. Rd2 Ra6 27. e4 Nd7 28. f4 Nc5 29. Re1 Nb3 30. Rdd1 Raa8 31. e5 dxe5 32. Rxe5+ Kf8 33. Rd7 c6 34. Nc3 Re8 35. Rxe8+ Kxe8 36. Rc7 Nd4 37. Kf2 Ra6 38. Rb7 c5 39. Nb5 Nxb5 40. Rxb5 Rc6 41. Ke3 Kd7 42. Kd3 Kd6 43. Ra5 Rb6 44. Kc2 Rb3 45. Rxa4 Rf3 46. Ra6+ Kd7 47. b4 cxb4 48. axb4 Rf2+ 49. Kd3 Rxh2 50. Kd4 Rg2 51. Ra3 g5 52. fxg5 hxg5 53. b5 f5 54. Ke5 Rf2 55. Ra7+ Kc8 56. c5 f4 57. gxf4 Rxf4 58. Rg7 Rb4 59. b6 g4 60. Kd6 Rf4 61. Kc6 Rf6+ 62. Kb5 Rf8 63. Rxg4 Rh8 64. c6 Kb8 65. Ka6 Rf8 66. Rg7 Re8 67. c7+ Kc8 1-0

[Event "Arco op-A 39th"]
[Site "Arco"]
[Date "2017.10.11"]
[Round "5"]
[White "Pedrotti, Luciano"]
[Black "De Reymaeker, Walter"]
[Result "0-1"]
[WhiteElo "1752"]
[BlackElo "1867"]
[PlyCount "100"]
[EventDate "2017.10.07"]
[EventType "swiss"]
[EventRounds "9"]
[EventCountry "ITA"]
[SourceTitle "CBM 181 Extra"]
[Source "ChessBase"]
[SourceDate "2017.12.12"]
[SourceVersion "1"]
[SourceVersionDate "2017.12.12"]
[SourceQuality "1"]

1. e4 c5 2. Nf3 g6 3. d4 cxd4 4. Nxd4 Bg7 5. c3 Nc6 6. Be3 d6 7. Nd2 Nf6 8. N2f3 0-0 9. Be2 Ng4 10. Bf4 Qb6 11. 0-0 Nge5 12. Qc2 Bd7 13. Be3 Nxf3+ 14. Nxf3 Qc7 15. Rad1 h6 16. h3 Rac8 17. Qc1 Kh7 18. Bd3 Be6 19. b3 Qa5 20. Bb1 Qxc3 21. Bxh6 Qxc1 22. Bxc1 f6 23. Bb2 Bh6 24. Kh2 a6 25. Bc1 Ne5 26. Nd4 Bd7 27. Bxh6 Kxh6 28. Rc1 g5 29. f3 Rh8 30. Kg3 Ng6 31. Rfd1 Nf4 32. Kf2 Kg7 33. Ne2 Ng6 34. Rxc8 Rxc8 35. Rc1 Rxc1 36. Nxc1 Ne5 37. Ke3 e6 38. g3 Ng6 39. f4 gxf4+ 40. gxf4 e5 41. f5 Nf4 42. Ne2 Nxh3 43. Nc3 Bc6 44. a4 a5 45. Bd3 Nf4 46. Bc4 Kf8 47. Ne2 Nxe2 48. Bxe2 d5 49. Bd3 Ke7 50. Bc2 Kd6 0-1

[Event "Arco op 38th"]
[Site "Arco"]
[Date "2016.10.10"]
[Round "3"]
[White "Rondelli, Roberto"]
[Black "De Reymaeker, Walter"]
[Result "0-1"]
[WhiteElo "1755"]
[BlackElo "1895"]
[PlyCount "51"]
[EventDate "2016.10.08"]
[EventType "swiss"]
[EventRounds "9"]
[EventCountry "ITA"]
[SourceTitle "EXT 2017"]
[Source "ChessBase"]
[SourceDate "2016.10.25"]
[SourceVersion "1"]
[SourceVersionDate "2016.10.25"]
[SourceQuality "1"]

1. d4 g6 2. e4 Bg7 3. c4 c5 4. Nf3 d6 5. Be2 cxd4 6. Nxd4 Nf6 7. Nc3 0-0 8. 0-0 Nc6 9. Nb3 Be6 10. Qc2 a5 11. Be3 Nd7 12. Nd5 a4 13. Nd2 a3 14. Nc3 axb2 15. Qxb2 Qa5 16. Rfc1 Nc5 17. Nb3 Qb4 18. Qc2 Nxb3 19. Rab1 Qxc3 20. Qxc3 Bxc3 21. Rxb3 Nd4 22. Bxd4 Bxd4 23. Rc2 b6 24. Kf1 Ra5 25. Rd3 Bc5 26. e5 0-1

[Event "Arco op 38th"]
[Site "Arco"]
[Date "2016.10.08"]
[Round "1"]
[White "Haag, Martin"]
[Black "De Reymaeker, Walter"]
[Result "1-0"]
[WhiteElo "2267"]
[BlackElo "1895"]
[PlyCount "91"]
[EventDate "2016.10.08"]
[EventType "swiss"]
[EventRounds "9"]
[EventCountry "ITA"]
[SourceTitle "EXT 2017"]
[Source "ChessBase"]
[SourceDate "2016.10.25"]
[SourceVersion "1"]
[SourceVersionDate "2016.10.25"]
[SourceQuality "1"]

1. c4 c5 2. g3 g6 3. Bg2 Bg7 4. Nc3 Nc6 5. Nf3 e5 6. 0-0 Nge7 7. Ne1 0-0 8. a3 d6 9. Nc2 f5 10. Ne3 f4 11. Ned5 Nxd5 12. Nxd5 fxg3 13. hxg3 Be6 14. d3 Rb8 15. Rb1 Nd4 16. e3 Nf5 17. b4 b6 18. Bd2 Ne7 19. bxc5 Bxd5 20. cxd5 bxc5 21. Qa4 Rxb1 22. Rxb1 Nc8 23. Bh3 Kh8 24. Be1 Qe7 25. Be6 Nb6 26. Qe4 c4 27. dxc4 Na4 28. Bb4 Qc7 29. Qc2 Nc5 30. Bxc5 Qxc5 31. a4 a6 32. Kg2 Bh6 33. Rh1 Kg7 34. Qe4 Bg5 35. Rb1 Qa3 36. Qc2 Qc5 37. Rb7+ Kh8 38. Qb3 Qa5 39. Qc2 Qe1 40. Rb1 Qa5 41. Rb7 Qe1 42. Bf7 Bh6 43. c5 dxc5 44. Qxc5 Bg7 45. Qc2 h5 46. Qxg6 1-0

[Event "WchT Seniors 65"]
[Site "Radebeul"]
[Date "2016.07.02"]
[Round "7.10"]
[White "Gass, Ulrich"]
[Black "De Reymaeker, Walter"]
[Result "1-0"]
[WhiteElo "2081"]
[BlackElo "1889"]
[PlyCount "77"]
[EventDate "2016.06.26"]
[EventType "team-swiss"]
[EventRounds "9"]
[EventCountry "GER"]
[SourceTitle "CBM 173 Extra"]
[Source "ChessBase"]
[SourceDate "2016.08.29"]
[SourceVersion "1"]
[SourceVersionDate "2016.08.29"]
[SourceQuality "1"]
[WhiteTeam "Eck Gunners"]
[BlackTeam "Belgium II"]
[WhiteTeamCountry "GER"]
[BlackTeamCountry "BEL"]

1. e4 c5 2. Nf3 d6 3. d4 cxd4 4. Qxd4 Nc6 5. Bb5 Bd7 6. Bxc6 Bxc6 7. Bg5 Nf6 8. Bxf6 gxf6 9. Nc3 e6 10. 0-0-0 Be7 11. Rhe1 Rg8 12. Rd3 Qb6 13. Qxb6 axb6 14. g3 b5 15. a3 e5 16. Nh4 0-0-0 17. Nf5 Bf8 18. Red1 d5 19. Nxd5 Bxd5 20. Rxd5 Rxd5 21. Rxd5 b4 22. a4 b6 23. Nd6+ Kc7 24. Ne8+ Kc6 25. Nxf6 Rg6 26. Nd7 Bh6+ 27. Kb1 f6 28. Ka2 Bg7 29. Kb3 h5 30. Kxb4 h4 31. a5 hxg3 32. hxg3 Rg4 33. axb6 Rxe4+ 34. c4 Re2 35. b3 Rxf2 36. Rb5 Bh6 37. b7 Bd2+ 38. Ka4 Be1 39. b4 1-0

[Event "WchT Seniors 65"]
[Site "Radebeul"]
[Date "2016.06.29"]
[Round "4.4"]
[White "De Reymaeker, Walter"]
[Black "Schwier, Gerd"]
[Result "1-0"]
[WhiteElo "1889"]
[BlackElo "1864"]
[PlyCount "39"]
[EventDate "2016.06.26"]
[EventType "team-swiss"]
[EventRounds "9"]
[EventCountry "GER"]
[SourceTitle "CBM 173 Extra"]
[Source "ChessBase"]
[SourceDate "2016.08.29"]
[SourceVersion "1"]
[SourceVersionDate "2016.08.29"]
[SourceQuality "1"]
[WhiteTeam "Belgium II"]
[BlackTeam "Dresden Springer"]
[WhiteTeamCountry "BEL"]
[BlackTeamCountry "GER"]

1. c4 e5 2. g3 c6 3. Bg2 Bc5 4. e3 Nf6 5. Ne2 0-0 6. 0-0 d5 7. d4 exd4 8. exd4 Be7 9. cxd5 Nxd5 10. Nbc3 Be6 11. Nf4 Nxf4 12. Bxf4 Bg5 13. Bxg5 Qxg5 14. d5 cxd5 15. f4 Qd8 16. f5 Qb6+ 17. Kh1 Nc6 18. fxe6 fxe6 19. Qd2 Ne5 20. Qe2 1-0

[Event "Benidorm op U2300 13th"]
[Site "Benidorm"]
[Date "2014.12.06"]
[Round "9"]
[White "De Reymaeker, Walter"]
[Black "Nieves Cabanes, Javier"]
[Result "0-1"]
[WhiteElo "1942"]
[BlackElo "2149"]
[PlyCount "56"]
[EventDate "2014.11.28"]
[EventType "swiss"]
[EventRounds "10"]
[EventCountry "ESP"]
[SourceTitle "CBM 163 Extra"]
[Source "ChessBase"]
[SourceDate "2014.12.23"]
[SourceVersion "1"]
[SourceVersionDate "2014.12.23"]
[SourceQuality "1"]

1. e4 c5 2. Nc3 e6 3. f4 a6 4. g3 d5 5. d3 Nc6 6. Bg2 Nf6 7. e5 Nd7 8. Nf3 Be7 9. 0-0 0-0 10. Kh1 b5 11. Ne2 Qb6 12. c3 a5 13. d4 b4 14. Be3 Ba6 15. Re1 a4 16. f5 a3 17. bxa3 bxc3 18. dxc5 Bxc5 19. Bxc5 Nxc5 20. Rb1 Qa7 21. Ned4 Nd3 22. Qa4 Nxd4 23. Nxd4 c2 24. Rbc1 Rfc8 25. fxe6 fxe6 26. Bh3 Nf2+ 27. Kg2 Nxh3 28. Kxh3 Rc4 0-1

[Event "Aalst op 15th"]
[Site "Aalst"]
[Date "2013.05.15"]
[Round "5"]
[White "Roels, Frederik"]
[Black "De Reymaeker, Walter"]
[Result "0-1"]
[WhiteElo "1949"]
[BlackElo "1975"]
[PlyCount "28"]
[EventDate "2013.04.17"]
[EventType "swiss"]
[EventRounds "9"]
[EventCountry "BEL"]
[SourceTitle "EXT 2014"]
[Source "ChessBase"]
[SourceDate "2013.11.20"]
[SourceVersion "1"]
[SourceVersionDate "2013.11.20"]
[SourceQuality "1"]

1. d4 g6 2. c4 f5 3. Nc3 Nf6 4. f3 d6 5. e4 Bg7 6. Bg5 h6 7. Be3 Nc6 8. Nge2 fxe4 9. fxe4 Ng4 10. Bf4 0-0 11. h3 e5 12. dxe5 Ngxe5 13. Qd5+ Kh7 14. 0-0-0 Nb4 0-1

[Event "Aalst op 15th"]
[Site "Aalst"]
[Date "2013.05.08"]
[Round "4"]
[White "De Reymaeker, Walter"]
[Black "Verhasselt, Kris"]
[Result "1-0"]
[WhiteElo "1975"]
[BlackElo "1902"]
[PlyCount "65"]
[EventDate "2013.04.17"]
[EventType "swiss"]
[EventRounds "9"]
[EventCountry "BEL"]
[SourceTitle "EXT 2014"]
[Source "ChessBase"]
[SourceDate "2013.11.20"]
[SourceVersion "1"]
[SourceVersionDate "2013.11.20"]
[SourceQuality "1"]

1. c4 f5 2. g3 Nf6 3. Bg2 d6 4. d3 g6 5. Nc3 Bg7 6. e3 c6 7. Nge2 Na6 8. Rb1 Bd7 9. b4 0-0 10. 0-0 e5 11. a4 Rf7 12. Ba3 Bf8 13. Qd2 Qe8 14. Rfd1 Rd8 15. Qc2 Be6 16. b5 Nb8 17. a5 c5 18. Nd5 Nxd5 19. cxd5 Bd7 20. d4 cxd4 21. exd4 Bxb5 22. Nc3 Ba6 23. dxe5 dxe5 24. Bxf8 Qxf8 25. Nb5 Bxb5 26. Rxb5 a6 27. Rb3 e4 28. Bf1 Qd6 29. Qb1 Rfd7 30. Rb6 Qa3 31. Bg2 e3 32. fxe3 Qxe3+ 33. Kf1 1-0

[Event "Aalst op 15th"]
[Site "Aalst"]
[Date "2013.04.24"]
[Round "2"]
[White "De Reymaeker, Walter"]
[Black "Boschmans, Jos"]
[Result "1-0"]
[WhiteElo "1975"]
[BlackElo "1830"]
[PlyCount "67"]
[EventDate "2013.04.17"]
[EventType "swiss"]
[EventRounds "9"]
[EventCountry "BEL"]
[SourceTitle "EXT 2014"]
[Source "ChessBase"]
[SourceDate "2013.11.20"]
[SourceVersion "1"]
[SourceVersionDate "2013.11.20"]
[SourceQuality "1"]

1. e4 c6 2. d4 d5 3. exd5 cxd5 4. Bd3 Nc6 5. c3 Nf6 6. Bf4 e6 7. Nf3 Bd6 8. Bxd6 Qxd6 9. 0-0 0-0 10. Re1 a6 11. Nbd2 Qf4 12. h3 Bd7 13. Ne5 Rac8 14. Ndf3 Rc7 15. g3 Qh6 16. Kg2 Nxe5 17. Nxe5 Rfc8 18. Ng4 Nxg4 19. hxg4 g6 20. f4 Qf8 21. Rh1 Bc6 22. g5 f6 23. gxf6 Qxf6 24. Qg4 Rg7 25. Rae1 Bd7 26. Re5 b5 27. a3 a5 28. Rhe1 Re8 29. Qe2 b4 30. axb4 axb4 31. Bb5 Bxb5 32. Qxb5 Ree7 33. Qb8+ Kf7 34. Qxb4 1-0

[Event "Charleroi op"]
[Site "Charleroi"]
[Date "2012.08.02"]
[Round "7"]
[White "Henris, Luc"]
[Black "De Reymaeker, Walter"]
[Result "1-0"]
[WhiteElo "2192"]
[BlackElo "1977"]
[PlyCount "65"]
[EventDate "2012.07.28"]
[EventType "swiss"]
[EventRounds "9"]
[EventCountry "BEL"]
[SourceTitle "CBM 149 Extra"]
[Source "ChessBase"]
[SourceDate "2012.08.24"]
[SourceVersion "1"]
[SourceVersionDate "2012.08.24"]
[SourceQuality "1"]

1. e4 g6 2. d4 Bg7 3. Nc3 c5 4. dxc5 Bxc3+ 5. bxc3 Qa5 6. Nf3 Qxc3+ 7. Bd2 Qxc5 8. Rb1 Nf6 9. Bd3 d6 10. 0-0 0-0 11. Re1 Nbd7 12. h3 b6 13. e5 Nxe5 14. Nxe5 dxe5 15. Rb5 Qc7 16. Rbxe5 Be6 17. Qe2 Rad8 18. Bh6 Rfe8 19. Rxe6 fxe6 20. Qxe6+ Kh8 21. Qf7 Nh5 22. Bb5 Qc3 23. Re3 Qa1+ 24. Kh2 Rg8 25. Rxe7 Ng7 26. Rxa7 Qd4 27. Bc4 Rgf8 28. Qc7 Rc8 29. Qd7 Qxd7 30. Rxd7 Nf5 31. Bc1 b5 32. Bb2+ Ng7 33. Bxg7# 1-0

[Event "Charleroi op"]
[Site "Charleroi"]
[Date "2012.07.31"]
[Round "5"]
[White "De Reymaeker, Walter"]
[Black "Le Quang, Kim"]
[Result "1/2-1/2"]
[WhiteElo "1977"]
[BlackElo "2282"]
[PlyCount "124"]
[EventDate "2012.07.28"]
[EventType "swiss"]
[EventRounds "9"]
[EventCountry "BEL"]
[SourceTitle "CBM 149 Extra"]
[Source "ChessBase"]
[SourceDate "2012.08.24"]
[SourceVersion "1"]
[SourceVersionDate "2012.08.24"]
[SourceQuality "1"]

1. e4 c5 2. Nc3 Nc6 3. Bb5 Nd4 4. Bc4 e6 5. Nge2 Ne7 6. 0-0 Nec6 7. d3 Be7 8. Nxd4 Nxd4 9. f4 0-0 10. a4 b6 11. e5 Bb7 12. Ne4 d5 13. exd6 Bxd6 14. c3 Nf5 15. Qe2 Bc7 16. Bd2 Nd6 17. Bb3 Qd7 18. Be1 Rae8 19. Bg3 Nf5 20. Rad1 Bd5 21. Bc2 Qe7 22. Rde1 Rd8 23. Rd1 Rd7 24. Rfe1 Rfd8 25. Ng5 h6 26. Nf3 Qf6 27. Ne5 Bxe5 28. Qxe5 Qxe5 29. Rxe5 Bc4 30. dxc4 Rxd1+ 31. Bxd1 Rxd1+ 32. Be1 Rb1 33. Re2 Nd6 34. Kf2 Nxc4 35. b4 Nb2 36. Rd2 Nxa4 37. Rd8+ Kh7 38. Rd7 Nb2 39. Ke2 a5 40. Rxf7 a4 41. bxc5 bxc5 42. Ra7 Rc1 43. Kd2 Rd1+ 44. Ke2 Rd5 45. c4 Nxc4 46. Bc3 h5 47. Rxa4 Nd6 48. Ra7 Nf5 49. Be5 Kg6 50. Rc7 h4 51. Ra7 Rd8 52. Rc7 Ra8 53. Rxc5 h3 54. g4 Ra2+ 55. Kf3 Nh6 56. Kg3 Rg2+ 57. Kxh3 Rxg4 58. Rc7 Kh7 59. Re7 Rg6 60. Ra7 Nf5 61. Ra3 Rg1 62. Ra6 Rg6 1/2-1/2